000 01700nam a2200385 i 4500
003 DO-SdBNP
005 20250922140725.0
007 ta
008 250318s1994 dr r 000 0 spa d
040 _aDO-SdBNP
_bspa
_cBNPHU
_erda
082 _a344.7293052
_bR426c, 1994
_222
110 1 _aRepública Dominicana.
_9447
240 1 0 _a[Leyes, etc.]
245 1 0 _aCódigo de justicia policial :
_badministración de justicia en la Policía Nacional de la República Dominicana : con jurisprudencia y comentarios /
_c[anotado] Diego Francisco Jácquez Ortiz, Manuel de Js. Pérez Sánchez.
264 1 _aSanto Domingo :
_bEditora San Rafael,
_c1994.
300 _a75, 26 páginas
_c22 cm.
336 _atexto
_btxt
_2rdacontent
337 _asin mediación
_bn
_2rdamedia
338 _avolumen
_bnc
_2rdacarrier
500 _aIncluye índice alfabético.
500 _aIncluye apéndice: Ley institucional de la Policia Nacional Nº 6141 de fecha 28 de diciembre de 1962 G.O. Nº 8724
500 _aIncluye datos biografícos de los compiladores en las solapas.
504 _aIncluye referencias bibliográficas y notas al pie de las páginas.
504 _aBibliografía : p. 72-75.
590 _aInventariado,2025/ YL
650 4 _aPolicía
_zRepública Dominicana
_914306
650 4 _aPolicía nacional
_xLegislación
_914307
650 4 _aResponsabilidad civil
_914308
650 0 _aResponsabilidad del estado
_914309
650 4 _aResponsabilidad extracontractual
_914310
700 1 _aJácquez Ortiz, Diego Francisco
_ecompilador
_4comp.
_987233
700 1 _aPérez Sánchez, Manuel de Js.
_q(Manuel de Jesús)
_ecompilador
_914311
_4comp.
910 _aYLockward
942 _2ddc
_cLBS1
999 _c58461
_d58461